Music Quiz

Random Music or Song Quiz

The 'mother' of all music quizzes Stats

 Plays Quiz not verified by Sporcle

Challenge
Share
Tweet
Embed
Score 0/26 Timer 08:00
0 Plays Today
song group/artist mother/mama in title % Correct
ABBAMamma Mia
62.3%
Fountains of WayneStacy's Mom
44.4%
The ShirellesMama Said
38.1%
LL Cool JMama Said Knock You Out
30.6%
Black Eyed PeasHey Mama
29.5%
2PacDear Mama
25.2%
Three Dog NightMama Told Me (Not to Come)
23%
The Rolling StonesMother's Little Helper
18.6%
Loggins and MessinaYour Mama Don't Dance
17.4%
PoisonYour Mama Don't Dance
17.4%
Paul SimonMother and Child Reunion
16.6%
ABBADoes Your Mother Know
16%
QueenTie Your Mother Down
12.5%
song group/artist mother/mama in title % Correct
Tracy BonhamMother Mother
11.9%
The JuddsMama He's Crazy
9.7%
Dr. HookSylvia's Mother
9.7%
Boyz II MenA Song for Mama
9.1%
Waylon Jennings/Willie NelsonMamas Don't Let Your Babies Grow Up to Be Cowboys
9%
Will.i.am ft. FergieI Got It from My Mama
7.8%
Elton JohnMama Can't Buy You Love
4.7%
Tears for FearsMothers Talk
4.2%
Carl CarltonShe's a Bad Mama Jama (She's Built, She's Stacked)
4.2%
Jimmy BoydI Saw Mommy Kissing Santa Claus
3%
The New SeekersWhat Have They Done to My Song, Ma
2.7%
Etta JamesTell Mama
2.7%
SteppenwolfHey Lawdy Mama
2.4%

You're not logged in!

Compare scores with friends on all Sporcle quizzes.
OR
Log In

You Might Also Like...

Show Comments

Extras

Top Quizzes Today


Score Distribution

Your Account Isn't Verified!

In order to create a playlist on Sporcle, you need to verify the email address you used during registration. Go to your Sporcle Settings to finish the process.

Report this User

Report this user for behavior that violates our Community Guidelines.

Details: